Online Catalogue and eLibrary

The curious courtship of women's liberation and socialism (Record no. 2756)

MARC details
000 -LEADER
fixed length control field 00483nam a2200193Ia 4500
005 - DATE AND TIME OF LATEST TRANSACTION
control field 20240527032145.0
008 - FIXED-LENGTH DATA ELEMENTS--GENERAL INFORMATION
fixed length control field 240331s9999 xx 000 0 und d
020 ## - INTERNATIONAL STANDARD BOOK NUMBER
ISBN 00896080455
082 ## - DDC Classification
Item Number - Author Mark WEI
Class No. 335
100 ## - MAIN ENTRY--PERSONAL NAME
Personal name Weinbaum, Batya
245 #4 - TITLE STATEMENT
Title The curious courtship of women's liberation and socialism
250 ## - EDITION STATEMENT
Edition statement 1 st
260 ## - PUBLICATION, DISTRIBUTION, ETC.
Place of publication, distribution, etc. Boston
Name of publisher, distributor, etc. South End Press
Date of publication, distribution, etc. 1978
300 ## - PHYSICAL DESCRIPTION
Extent (e.g. Volumes, Pages etc.) ix, 168 p .,
650 ## - SUBJECT ADDED ENTRY--TOPICAL TERM
Topical term or geographic name entry element Economic
650 ## - SUBJECT ADDED ENTRY--TOPICAL TERM
Topical term or geographic name entry element Politics
650 ## - SUBJECT ADDED ENTRY--TOPICAL TERM
Topical term or geographic name entry element Feminist
942 ## - Koha item type (Biblio)
Koha item type Books in Stacks (Lending)
Holdings
Lost status Damaged status Collection code Home library Current library Shelving location Date acquired Full call number Accession Number Item type
    Lending WERC Library WERC Library Social Science Cupboard 03/31/2024 335 WEI 270 Books in Stacks (Lending)

© WERC Library